| Tag |
First Indicator |
Second Indicator |
Subfields |
| LEADER |
00000nam a2200000Ia 4500 |
| 001 |
in00004324813 |
| 005 |
20200812085941.0 |
| 006 |
m g d |
| 007 |
cr bn |||a|bb| |
| 008 |
001208s1669 stka o 000 0 eng d |
| 035 |
|
|
|a (OCoLC)45504686
|
| 040 |
|
|
|a EAE
|e dcrb
|c EAE
|
| 037 |
|
|
|a CL0037000109
|b ProQuest Information and Learning. 300 N. Zeeb Rd., Ann Arbor, MI 48106
|
| 043 |
|
|
|a e-uk-st
|
| 045 |
0 |
|
|b d1660
|
| 090 |
|
|
|a AY754
|b .P34 1669
|
| 049 |
|
|
|a UMIA
|
| 100 |
0 |
|
|a Philomathes.
|
| 245 |
1 |
2 |
|a A new prognostication, for the year of Christ 1669. :
|b Being the first after leap-year. Wherein are contained the moveable feasts, the change of the moon, her full and quarters: the dayly disposition of the weather, and the fairs of Scotland: with a full description of the eclipses, and of the four quarters of this present year. : Likewise Ptolomeus, and other astronomers, show the dismal and perillous dayes that come in the year: with other yearly observations, and of the signification of thunder on everie day of the week. /
|c By Philomathes of Aberdene.
|
| 260 |
|
|
|a Glasgow :
|b Printed by Robert Sanders and are to be sold in his shop,
|c 1669.
|
| 300 |
|
|
|a 1 online resource ([16] pages :
|b illustrations.
|
| 336 |
|
|
|a text
|b txt
|2 rdacontent
|
| 337 |
|
|
|a computer
|b c
|2 rdamedia
|
| 338 |
|
|
|a online resource
|b cr
|2 rdacarrier
|
| 500 |
|
|
|a Reproduction of original in: Glasgow University Library (Glasgow, Scotland).
|
| 510 |
4 |
|
|a Wing (2nd edition)
|c A1984EaA
|
| 533 |
|
|
|a Electronic reproduction.
|b Ann Arbor, Mich. :
|c UMI,
|d 1999-
|f (Early English books online)
|n Digital version of: (Early English books, 1641-1700 ; 2577:13)
|7 s1999 miun s
|
| 650 |
|
0 |
|a Almanacs, English.
|
| 650 |
|
0 |
|a Ephemerides.
|
| 650 |
|
0 |
|a Astrology
|v Early works to 1800.
|
| 830 |
|
0 |
|a Early English books online.
|
| 856 |
4 |
0 |
|u http://proxy.library.tamu.edu/login?url=https://search.proquest.com/docview/2240903173
|z Connect to the full text of this electronic book
|t 0
|
| 999 |
f |
f |
|s 9d87a8c2-5045-36d9-94a0-8639971dba1b
|i cab31283-29ad-336d-8ecf-5599835cf7de
|t 0
|
| 952 |
f |
f |
|a Texas A&M University
|b College Station
|c Electronic Resources
|d Available Online
|t 0
|e AY754 .P34 1669
|h Library of Congress classification
|
| 998 |
f |
f |
|a AY754 .P34 1669
|t 0
|l Available Online
|